[Event "4NCL/Div2/GD-IKHH2"]
[Site "Rd3-Birmingham"]
[Date "1999.11.20"]
[Round "3.6"]
[White "Garner, David"]
[Black "Adams, Mark"]
[Result "1-0"]
[WhiteElo "2100"]
[BlackElo "2024"]
[PlyCount "121"]
[EventDate "1999.11.20"]
[Source "Britbase"]
[SourceDate "2000.01.01"]

1. e4 c5 2. c3 Nf6 3. e5 Nd5 4. Nf3 Nc6 5. Bc4 Nb6 6. Be2 d6 7. exd6 Qxd6 8.
Na3 g6 9. d4 cxd4 10. Nb5 Qd8 11. Bf4 Nd5 12. Bg3 Bg7 13. Nbxd4 Nxd4 14. Nxd4
O-O 15. O-O e5 16. Nb3 Bf5 17. Re1 Nf4 18. Bxf4 exf4 19. Bf3 Qb6 20. Qd5 Rab8
21. Re7 Be6 22. Qe4 Bf6 23. Rxb7 Rxb7 24. Qxb7 Rb8 25. Qxb6 Rxb6 26. Bd1 Bf5
27. Rc1 Re6 28. Bf3 g5 29. h3 Rb6 30. Bd5 h5 31. Rd1 Kg7 32. Kf1 g4 33. hxg4
hxg4 34. f3 g3 35. Rd2 Bb1 36. Nc5 Bf5 37. Bb3 Rc6 38. Nd7 Bg5 39. Ne5 Rf6 40.
Rd5 Be6 41. Ra5 Rh6 42. Bxe6 Rh1+ 43. Ke2 fxe6 44. Rxa7+ Kf6 45. Nd3 Rh2 46.
Ne1 Bh6 47. a4 Bf8 48. b4 Bd6 49. Ra6 Be5 50. Rc6 Ke7 51. a5 Kd7 52. b5 Bb8 53.
c4 Ba7 54. c5 Rh5 55. Nd3 Bb8 56. a6 Rh2 57. Ne1 Rh5 58. Kd2 Rh1 59. Rb6 Bc7
60. a7 Rh8 61. Rb7 1-0

[Event "4NCL/Div2/GD-IKHH2"]
[Site "Rd3-Birmingham"]
[Date "1999.11.20"]
[Round "3.7"]
[White "Blackburn, Jonathan"]
[Black "Lock, Gavin"]
[Result "1/2-1/2"]
[WhiteElo "1981"]
[BlackElo "2103"]
[PlyCount "58"]
[EventDate "1999.11.20"]
[Source "Britbase"]
[SourceDate "2000.01.01"]

1. d4 d5 2. c4 c6 3. Nf3 Nf6 4. Nc3 a6 5. g3 b5 6. cxd5 cxd5 7. Bg2 e6 8. O-O
Nbd7 9. Bf4 Be7 10. Rc1 O-O 11. Nb1 Ne4 12. Ne5 Nxe5 13. Bxe5 Nd6 14. Nd2 Bb7
15. Bxd6 Bxd6 16. Nb3 Qb6 17. Qd2 b4 18. Rc2 Rfc8 19. Rfc1 h6 20. Nc5 a5 21. b3
Bc6 22. e3 Rc7 23. Bf1 Bb5 24. Bxb5 Qxb5 25. Nd3 Rac8 26. Rxc7 Rxc7 27. Rxc7
Bxc7 28. Qc2 Bd6 29. Nc5 Qc6 1/2-1/2

[Event "4NCL/Div2/GD-IKHH2"]
[Site "Rd3-Birmingham"]
[Date "1999.11.20"]
[Round "3.8"]
[White "Mills, Natalie"]
[Black "Blackburn, Suzie"]
[Result "1-0"]
[WhiteElo "2010"]
[BlackElo "1492"]
[PlyCount "87"]
[EventDate "1999.11.20"]
[Source "Britbase"]
[SourceDate "2000.01.01"]

1. d4 d5 2. Nf3 Nf6 3. Bg5 e6 4. e3 Be7 5. Nbd2 Nbd7 6. Bd3 O-O 7. O-O c5 8. c3
Qc7 9. Bf4 Bd6 10. Bxd6 Qxd6 11. e4 e5 12. Re1 dxe4 13. Nxe4 Nxe4 14. Bxe4 f5
15. Qb3+ Kh8 16. dxe5 Nxe5 17. Nxe5 Be6 18. Nc4 Bxc4 19. Qxc4 fxe4 20. Qxe4 b6
21. Rad1 Qf6 22. Re2 Rad8 23. Rxd8 Qxd8 24. Qe7 Qd1+ 25. Re1 Rd8 26. f3 Qd5 27.
Qe8+ Rxe8 28. Rxe8+ Qg8 29. Rxg8+ Kxg8 30. Kf2 Kf7 31. Ke3 Ke6 32. Ke4 g6 33.
f4 h5 34. g3 a6 35. h3 b5 36. g4 hxg4 37. hxg4 c4 38. Kd4 Kd6 39. f5 g5 40. Ke4
Ke7 41. Ke5 Kf7 42. Kd5 a5 43. Kc5 Kf6 44. Kxb5 1-0

[Event "4NCL/Div2/LG3C-GU2"]
[Site "Rd3-Birmingham"]
[Date "1999.11.20"]
[Round "3.1"]
[White "Longson, Alex"]
[Black "Richardson, Keith"]
[Result "1/2-1/2"]
[WhiteElo "2169"]
[BlackElo "2216"]
[PlyCount "115"]
[EventDate "1999.11.20"]
[Source "Britbase"]
[SourceDate "2000.01.01"]

1. e4 g6 2. d4 Bg7 3. f3 c5 4. d5 d6 5. Bd3 Nf6 6. Ne2 O-O 7. c4 e6 8. Nbc3
exd5 9. cxd5 Na6 10. O-O Nc7 11. Rb1 Nd7 12. a3 Ne5 13. Bc2 a5 14. f4 Ng4 15.
h3 Nf6 16. a4 Re8 17. Ng3 b6 18. Bd3 Ba6 19. Bxa6 Nxa6 20. Re1 Nb4 21. Qb3 h5
22. Re2 h4 23. Nf1 Nd3 24. Bd2 Nh5 25. Nb5 Nhxf4 26. Bxf4 Nxf4 27. Ree1 Qg5 28.
Qf3 Rad8 29. Ne3 Nd3 30. Red1 Ne5 31. Qf2 Re7 32. b3 Bh6 33. Nc4 Nxc4 34. bxc4
Qe3 35. Re1 Qf4 36. e5 Rxe5 37. Rxe5 dxe5 38. Qxf4 Bxf4 39. Nc3 Be3+ 40. Kf1
Bd4 41. Ne4 f5 42. Ng5 Rd6 43. Nf3 e4 44. Nxh4 Kg7 45. g3 Kf6 46. Ng2 g5 47. h4
gxh4 48. Nxh4 Kg5 49. Ng2 Rh6 50. Rb3 Be5 51. Kf2 Bc7 52. Ra3 Rh1 53. Ne1 Kf6
54. Re3 Ke5 55. Nf3+ Kf6 56. Ne1 Rh2+ 57. Ng2 Rh1 58. Ne1 1/2-1/2

[Event "4NCL/Div2/LG3C-GU2"]
[Site "Rd3-Birmingham"]
[Date "1999.11.20"]
[Round "3.2"]
[White "Sharp, Peter"]
[Black "Burgess, Jon"]
[Result "0-1"]
[WhiteElo "2144"]
[BlackElo "2145"]
[PlyCount "66"]
[EventDate "1999.11.20"]
[Source "Britbase"]
[SourceDate "2000.01.01"]

1. d4 Nf6 2. c4 g6 3. Nc3 Bg7 4. Nf3 O-O 5. Bg5 d6 6. e3 Nbd7 7. Bd3 e5 8. O-O
c6 9. Qc2 Qc7 10. Rad1 Re8 11. h3 Nf8 12. dxe5 dxe5 13. Nd2 Ne6 14. Bh4 Nc5 15.
Nde4 Nfxe4 16. Nxe4 Nxe4 17. Bxe4 f5 18. Bf3 e4 19. Be2 Be5 20. c5 Kg7 21. Bc4
h6 22. f4 exf3 23. Rxf3 Qa5 24. Bb3 g5 25. Be1 Qc7 26. g4 f4 27. exf4 gxf4 28.
Bc3 Be6 29. Rxf4 Bxb3 30. Qf5 Bxd1 31. g5 Bxc3 32. gxh6+ Kh8 33. bxc3 Rf8 0-1

[Event "4NCL/Div2/LG3C-GU2"]
[Site "Rd3-Birmingham"]
[Date "1999.11.20"]
[Round "3.3"]
[White "Walton, Alan"]
[Black "Noyce, Robert"]
[Result "1-0"]
[WhiteElo "1928"]
[BlackElo "2177"]
[PlyCount "74"]
[EventDate "1999.11.20"]
[Source "Britbase"]
[SourceDate "2000.01.01"]

1. d4 Nf6 2. Bg5 e6 3. e4 d6 4. Nc3 Be7 5. e5 dxe5 6. dxe5 Qxd1+ 7. Rxd1 Ng4 8.
Bf4 g5 9. Bg3 Nc6 10. Nf3 h5 11. h3 Nh6 12. Nb5 Bd8 13. Bd3 Nb4 14. Be4 a6 15.
Nbd4 Nf5 16. a3 Nxg3 17. fxg3 Nd5 18. Rd3 c5 19. Ne2 c4 20. Rd4 Nb6 21. c3 Be7
22. Bc2 Bc5 23. Re4 Rg8 24. Nd2 Bd7 25. Nd4 Rc8 26. Bd1 Be7 27. Bxh5 Na4 28.
O-O Rg7 29. Rb1 Nc5 30. Re3 b5 31. Ne4 Nd3 32. Nf2 Nxf2 33. Kxf2 Bc5 34. Rd1
Ke7 35. Bf3 a5 36. Kf1 b4 37. axb4 axb4 1-0

[Event "4NCL/Div2/LG3C-GU2"]
[Site "Rd3-Birmingham"]
[Date "1999.11.20"]
[Round "3.4"]
[White "Punnett, Alan"]
[Black "Bentley, John"]
[Result "0-1"]
[WhiteElo "2149"]
[BlackElo "1984"]
[PlyCount "96"]
[EventDate "1999.11.20"]
[Source "Britbase"]
[SourceDate "2000.01.01"]

1. d4 Nf6 2. c4 g6 3. Nc3 Bg7 4. e4 d6 5. Nf3 O-O 6. Be2 Bg4 7. O-O Nfd7 8. Be3
a6 9. Rc1 c5 10. d5 Bxf3 11. Bxf3 b5 12. b3 Nb6 13. Be2 b4 14. Nb1 a5 15. Qd2
Re8 16. a4 bxa3 17. Nxa3 Na6 18. Nb5 Nb4 19. f4 a4 20. bxa4 Rxa4 21. Nc3 Ra3
22. e5 Qa8 23. Bf2 Qa5 24. Rfd1 Rd8 25. Bg3 Na4 26. Bf1 Nxc3 27. Rxc3 Ra2 28.
Qc1 Ra8 29. f5 dxe5 30. fxg6 hxg6 31. Re1 e4 32. Rxe4 Ra1 33. Qd2 Ra2 34. Qc1
Bd4+ 35. Rxd4 cxd4 36. Rf3 d3 37. Qh6 Qc5+ 38. Kh1 Qd4 39. Qg5 d2 40. Qxe7 R2a7
41. Bc7 Rxc7 42. Qxc7 Rf8 43. Qe7 d1=Q 44. Qxb4 Re8 45. Qb7 Qxf3 46. gxf3 Qf2
47. Qb1 Re1 48. Qb8+ Kh7 0-1

[Event "4NCL/Div2/LG3C-GU2"]
[Site "Rd3-Birmingham"]
[Date "1999.11.20"]
[Round "3.5"]
[White "Ashton, Adam"]
[Black "Shepley, Julien"]
[Result "1-0"]
[WhiteElo "1840"]
[BlackElo "2148"]
[PlyCount "105"]
[EventDate "1999.11.20"]
[Source "Britbase"]
[SourceDate "2000.01.01"]

1. e4 d5 2. exd5 Qxd5 3. Nc3 Qd8 4. d4 c6 5. Bc4 Bf5 6. Nge2 e6 7. Ng3 Bg6 8.
h4 h6 9. Nce2 Bd6 10. Nf4 Bxf4 11. Bxf4 Nd7 12. h5 Bh7 13. Bd3 Bxd3 14. Qxd3
Ngf6 15. O-O-O Qa5 16. Kb1 O-O-O 17. Rhe1 Nd5 18. Bd2 Qa4 19. Ne4 N7b6 20. Nc5
Qc4 21. Qa3 a6 22. Ba5 Qb5 23. Bxb6 Nxb6 24. Qg3 Nc4 25. Qc3 Nd6 26. g4 Qc4 27.
Qxc4 Nxc4 28. c3 Rd5 29. f4 Rhd8 30. b3 Ne3 31. Rxe3 Rxc5 32. c4 Ra5 33. Kb2 b5
34. Re5 Kb7 35. Rd2 Kb6 36. c5+ Kc7 37. Kc3 b4+ 38. Kxb4 Rb5+ 39. Kc3 a5 40. f5
exf5 41. Rxf5 f6 42. Re2 Rd7 43. Rf4 Rb8 44. Rfe4 Rbd8 45. Re7 Rf8 46. Re8 Rff7
47. Ra8 Kb7 48. Ree8 f5 49. gxf5 Rxf5 50. Rxa5 Rf3+ 51. Kb2 Rxd4 52. Rea8 Rd2+
53. Ka3 1-0

[Event "4NCL/Div2/LG3C-GU2"]
[Site "Rd3-Birmingham"]
[Date "1999.11.20"]
[Round "3.6"]
[White "Johnson, Derek"]
[Black "Gordon, Stephen"]
[Result "1-0"]
[WhiteElo "2032"]
[BlackElo "1912"]
[PlyCount "125"]
[EventDate "1999.11.20"]
[Source "Britbase"]
[SourceDate "2000.01.01"]

1. e4 c5 2. Nf3 e6 3. d4 cxd4 4. Nxd4 a6 5. Nc3 Qc7 6. Bd3 Nf6 7. O-O Nc6 8.
Be3 b5 9. Nxc6 dxc6 10. f4 e5 11. h3 exf4 12. Bxf4 Qb6+ 13. Kh1 Be6 14. e5 Nd5
15. Nxd5 cxd5 16. Bg5 Qc7 17. Qe2 Qc6 18. a3 Bc5 19. b3 Bd4 20. Rad1 Bc3 21.
Bd2 Rb8 22. Qe1 Bxd2 23. Rxd2 Qc5 24. Rd1 Rb6 25. Qg3 g6 26. Qg5 Qe7 27. Qe3
Rb8 28. Qf4 O-O 29. Ra1 Rb6 30. a4 Rfb8 31. Qh6 Qf8 32. Qe3 Qd8 33. axb5 axb5
34. Ra5 d4 35. Qh6 R6b7 36. Ra6 Rb6 37. Rfa1 Rxa6 38. Rxa6 Qc8 39. Rd6 Qc5 40.
Qf4 Ra8 41. Qxd4 Rc8 42. Qxc5 Rxc5 43. Rb6 Bd7 44. Rb8+ Kg7 45. Rb7 Bc6 46. Rb6
Bd7 47. e6 fxe6 48. Rb7 Rd5 49. Bxb5 Rxb5 50. Rxd7+ Kh6 51. Kg1 Rf5 52. c4 Kg5
53. Rxh7 Kf6 54. Rd7 e5 55. Rd6+ Kf7 56. Rd2 Ke6 57. Rf2 Rh5 58. Kf1 e4 59. Rf4
Ke5 60. Rg4 Kf5 61. Ke2 Rh8 62. Ke3 Re8 63. Rf4+ 1-0

[Event "4NCL/Div2/LG3C-GU2"]
[Site "Rd3-Birmingham"]
[Date "1999.11.20"]
[Round "3.7"]
[White "Keech, Paul"]
[Black "Norman, Dinah"]
[Result "0-1"]
[WhiteElo "1880"]
[BlackElo "2052"]
[PlyCount "94"]
[EventDate "1999.11.20"]
[Source "Britbase"]
[SourceDate "2000.01.01"]

1. e4 c6 2. d4 d5 3. exd5 cxd5 4. c4 Nf6 5. Nf3 e6 6. Nc3 Be7 7. c5 O-O 8. Bd3
b6 9. b4 a5 10. Ba3 axb4 11. Bxb4 Nc6 12. a3 bxc5 13. dxc5 Ba6 14. Bb5 Qc7 15.
O-O Bxb5 16. Nxb5 Qf4 17. Nbd4 Rfc8 18. Rc1 Ne4 19. g3 Qc7 20. Nxc6 Qxc6 21.
Nd4 Qa4 22. Qxa4 Rxa4 23. Nb3 Ra6 24. f3 Nf6 25. Rf2 Ne8 26. Rfc2 Bf6 27. c6
Nc7 28. Rc5 Bb2 29. Rb1 Bxa3 30. Bxa3 Rxa3 31. Ra5 Rxa5 32. Nxa5 Kf8 33. Kf2
Ke7 34. Nb7 Ra8 35. Ke3 e5 36. Rb3 Ra6 37. f4 f6 38. Nc5 Rxc6 39. Nd3 Kd6 40.
h3 Ne6 41. Ra3 Rb6 42. Ra7 e4 43. f5 Nc7 44. Nf4 Rb3+ 45. Kf2 Rf3+ 46. Kg2 d4
47. g4 Rxf4 0-1

[Event "4NCL/Div2/LG3C-GU2"]
[Site "Rd3-Birmingham"]
[Date "1999.11.20"]
[Round "3.8"]
[White "Ramsdale, John"]
[Black "Roberts, Elizabeth"]
[Result "1-0"]
[WhiteElo "1896"]
[BlackElo "1208"]
[PlyCount "79"]
[EventDate "1999.11.20"]
[Source "Britbase"]
[SourceDate "2000.01.01"]

1. e4 e5 2. Nf3 Nc6 3. Bb5 a6 4. Ba4 Nf6 5. O-O Nxe4 6. d4 b5 7. Bb3 d5 8. dxe5
Be6 9. Be3 Be7 10. c3 O-O 11. Nbd2 Nc5 12. Bc2 Re8 13. Qe2 Bg4 14. h3 Bh5 15.
Bxh7+ Kxh7 16. Ng5+ Bxg5 17. Qxh5+ Bh6 18. Bxc5 Rxe5 19. Qd1 Rg5 20. Nf3 Rg6
21. Qd3 Kg8 22. Rad1 Qd7 23. Nh4 Rg5 24. Be3 Rh5 25. Bxh6 Rxh6 26. Qf5 Qd8 27.
Nf3 Ne7 28. Qd3 Qd6 29. Rfe1 Rd8 30. Ne5 Ng6 31. Nxg6 Rxg6 32. Qd4 Qd7 33. Re3
Qd6 34. Qe5 Qc6 35. Qe7 Rd7 36. Qe8+ Kh7 37. Rd4 Qd6 38. Rh4+ Rh6 39. Rxh6+
gxh6 40. Rg3 1-0

[Event "4NCL/Div2/NID-WIT"]
[Site "Rd3-Birmingham"]
[Date "1999.11.20"]
[Round "3.1"]
[White "Williams, Leighton"]
[Black "Devereaux, Max"]
[Result "0-1"]
[WhiteElo "2280"]
[BlackElo "2265"]
[PlyCount "74"]
[EventDate "1999.11.20"]
[Source "Britbase"]
[SourceDate "2000.01.01"]

1. e4 c5 2. Nf3 Nc6 3. Nc3 Nf6 4. d4 cxd4 5. Nxd4 e5 6. Ndb5 d6 7. Nd5 Nxd5 8.
exd5 Nb8 9. c4 Be7 10. Be2 a6 11. Nc3 O-O 12. O-O f5 13. f4 Bf6 14. Kh1 Nd7 15.
Qc2 exf4 16. Bxf4 Ne5 17. Be3 Bd7 18. b4 Nxc4 19. Bxc4 Rc8 20. Qd3 b5 21. Rac1
Rxc4 22. a3 Be5 23. Ne2 f4 24. Bd4 Bf5 25. Qd2 f3 26. gxf3 Bh3 27. Rg1 Rxc1 28.
Qxc1 Rxf3 29. Qc6 Qf8 30. Bxe5 dxe5 31. d6 Rd3 32. Rg3 Rxd6 33. Qe4 Rd1+ 34.
Rg1 Bf5 35. Qb7 Rd7 36. Qc6 Rd6 37. Qb7 Bd7 0-1

[Event "4NCL/Div2/NID-WIT"]
[Site "Rd3-Birmingham"]
[Date "1999.11.20"]
[Round "3.2"]
[White "Headlong, Tim"]
[Black "Fish, Andrew"]
[Result "1/2-1/2"]
[WhiteElo "2261"]
[BlackElo "2116"]
[PlyCount "101"]
[EventDate "1999.11.20"]
[Source "Britbase"]
[SourceDate "2000.01.01"]

1. Nf3 Nf6 2. c4 g6 3. Nc3 Bg7 4. d4 O-O 5. e4 d6 6. Be2 e5 7. O-O Na6 8. Re1
Qe8 9. d5 Nc5 10. Nd2 a5 11. b3 h5 12. a3 Bh6 13. Bf1 Qe7 14. Rb1 Kg7 15. b4
Na6 16. Qc2 h4 17. Na4 axb4 18. axb4 Bd7 19. b5 Nc5 20. Nxc5 dxc5 21. Bb2 Ne8
22. Nf3 f6 23. Nxh4 Nd6 24. g3 b6 25. f4 Nf7 26. Qf2 Ra2 27. Kh1 Rfa8 28. Bd3
Bg4 29. Be2 Bxe2 30. Rxe2 Nd6 31. fxe5 fxe5 32. Bc1 Ra1 33. Bxh6+ Kxh6 34. Qe3+
Kg7 35. Rxa1 Rxa1+ 36. Kg2 Ra4 37. Rc2 Rxc4 38. Rxc4 Nxc4 39. Qe2 Nd6 40. Nf3
Qe8 41. Ng5 Nxb5 42. Ne6+ Kg8 43. Qb2 Nd4 44. Nxc7 Qf7 45. Qxb6 Qf3+ 46. Kh3
Qxe4 47. Ne6 Qxd5 48. Qb8+ Kf7 49. Qf8+ Kxe6 50. Qg8+ Kd6 51. Qd8+ 1/2-1/2

[Event "4NCL/Div2/NID-WIT"]
[Site "Rd3-Birmingham"]
[Date "1999.11.20"]
[Round "3.3"]
[White "Morris, Gareth"]
[Black "Cooksey, Paul"]
[Result "1-0"]
[WhiteElo "2150"]
[BlackElo "2229"]
[PlyCount "51"]
[EventDate "1999.11.20"]
[Source "Britbase"]
[SourceDate "2000.01.01"]

1. d4 d5 2. c4 c6 3. Nf3 Nf6 4. Nc3 dxc4 5. a4 Bf5 6. Nh4 e6 7. Nxf5 exf5 8. e3
Bd6 9. Bxc4 O-O 10. h3 Nbd7 11. Qf3 g6 12. g4 fxg4 13. hxg4 Qa5 14. Bd2 Bb4 15.
e4 Bxc3 16. Bxc3 Qg5 17. Be2 Rae8 18. e5 Nd5 19. Bd2 Qe7 20. g5 Nxe5 21. dxe5
Qxe5 22. Kf1 Qxb2 23. Rd1 Re5 24. Qh3 Rfe8 25. Qxh7+ Kf8 26. Bb4+ 1-0

[Event "4NCL/Div2/NID-WIT"]
[Site "Rd3-Birmingham"]
[Date "1999.11.20"]
[Round "3.4"]
[White "Churm, Rohan"]
[Black "Johnston, Dafydd"]
[Result "0-1"]
[WhiteElo "2168"]
[BlackElo "2170"]
[PlyCount "74"]
[EventDate "1999.11.20"]
[Source "Britbase"]
[SourceDate "2000.01.01"]

1. d4 Nf6 2. Nf3 g6 3. g3 Bg7 4. Bg2 O-O 5. O-O d6 6. c4 Nc6 7. d5 Na5 8. Nbd2
c5 9. e4 a6 10. Rb1 b5 11. b3 Rb8 12. Bb2 bxc4 13. bxc4 Rxb2 14. Rxb2 Nxe4 15.
Rb8 Nc3 16. Qc2 Qc7 17. Rxc8 Rxc8 18. Ng5 Rb8 19. Kh1 h6 20. Nge4 Nxe4 21. Nxe4
Rb2 22. Qa4 Qd8 23. g4 Rb4 24. Qa3 Nxc4 25. Qxa6 Nb6 26. Ng3 c4 27. f4 Qa8 28.
Qxa8+ Nxa8 29. Rc1 Nb6 30. Be4 c3 31. Rc2 Nc4 32. Re2 Nd2 33. Bd3 Rb2 34. Kg2
c2 35. Bxc2 Rxc2 36. Ne4 Nc4 37. Rxc2 Ne3+ 0-1

[Event "4NCL/Div2/NID-WIT"]
[Site "Rd3-Birmingham"]
[Date "1999.11.20"]
[Round "3.5"]
[White "Jones, Richard S"]
[Black "Haydon, Richard"]
[Result "0-1"]
[WhiteElo "2052"]
[BlackElo "2176"]
[PlyCount "98"]
[EventDate "1999.11.20"]
[Source "Britbase"]
[SourceDate "2000.01.01"]

1. e4 c5 2. Nc3 Nc6 3. g3 g6 4. Bg2 Bg7 5. d3 d6 6. Be3 Rb8 7. Qd2 b5 8. Nge2
b4 9. Nd1 Qc7 10. O-O a5 11. f4 Nf6 12. h3 O-O 13. g4 a4 14. a3 Bd7 15. f5 Ne5
16. Nf4 Bc6 17. Nd5 Nxd5 18. exd5 Bd7 19. Bg5 Rfe8 20. axb4 cxb4 21. Qf2 Bb5
22. Ne3 Qa7 23. Kh1 Qd4 24. Bf4 Qxb2 25. g5 b3 26. f6 exf6 27. gxf6 Bxf6 28.
Bxe5 Bxe5 29. Qxf7+ Kh8 30. Rab1 Qd4 31. Ng4 Bg7 32. c4 Ba6 33. Qd7 Qxd3 34.
Rbd1 Qe2 35. Qxd6 Bxc4 36. Nf6 Red8 37. Qf4 Rf8 38. Rde1 Qb2 39. Qxc4 Bxf6 40.
Qxa4 Qc3 41. Qa3 Qg3 42. Rb1 Bg7 43. Rxf8+ Bxf8 44. Qb2+ Bg7 45. Qe2 Be5 46.
Bf1 Rf8 47. Qg2 Qe3 48. Qe2 Qf4 49. Re1 Qg3 0-1

[Event "4NCL/Div2/NID-WIT"]
[Site "Rd3-Birmingham"]
[Date "1999.11.20"]
[Round "3.6"]
[White "Rose, Matthew"]
[Black "Gandy, Andrew"]
[Result "1-0"]
[WhiteElo "2153"]
[BlackElo "2085"]
[PlyCount "65"]
[EventDate "1999.11.20"]
[Source "Britbase"]
[SourceDate "2000.01.01"]

1. e4 c5 2. Nf3 Nc6 3. d4 cxd4 4. Nxd4 Nf6 5. Nc3 e5 6. Ndb5 d6 7. Bg5 a6 8.
Na3 b5 9. Bxf6 gxf6 10. Nd5 f5 11. Bd3 Be6 12. O-O Bxd5 13. exd5 Ne7 14. c4 Bg7
15. f3 O-O 16. Qe2 Qb6+ 17. Kh1 b4 18. Nc2 f4 19. g3 fxg3 20. hxg3 f5 21. Ne3
Rf6 22. Kg2 Bh6 23. Rae1 Raf8 24. Rh1 Qd4 25. Nc2 Qc5 26. Qf2 Qxf2+ 27. Kxf2 a5
28. c5 e4 29. Bc4 Rc8 30. c6 Kf7 31. f4 Ke8 32. Nd4 Ng8 33. Rh5 1-0

[Event "4NCL/Div2/NID-WIT"]
[Site "Rd3-Birmingham"]
[Date "1999.11.20"]
[Round "3.7"]
[White "Tabatabai, John"]
[Black "Wittmann, Jochen"]
[Result "0-1"]
[WhiteElo "1865"]
[BlackElo "2072"]
[PlyCount "96"]
[EventDate "1999.11.20"]
[Source "Britbase"]
[SourceDate "2000.01.01"]

1. e4 e5 2. Nf3 Nc6 3. Bc4 Nf6 4. d4 exd4 5. O-O Bc5 6. c3 dxc3 7. Nxc3 O-O 8.
h3 d6 9. Bg5 Be6 10. Bd5 Rb8 11. a3 Ne5 12. Nxe5 dxe5 13. Bxe6 fxe6 14. Qb3 Qe8
15. Be3 Bxe3 16. fxe3 Qc6 17. Rad1 Rbd8 18. Kh2 h6 19. Qc2 Qc5 20. Qe2 Rd6 21.
Rd3 Qc4 22. Rfd1 Rxd3 23. Qxd3 Qxd3 24. Rxd3 c6 25. g4 Kf7 26. Kg3 Ke7 27. h4
g5 28. hxg5 hxg5 29. Rd1 Rh8 30. Rg1 Rh4 31. Kf3 Rh3+ 32. Rg3 Rxg3+ 33. Kxg3
Kd6 34. Kf3 Kc5 35. b3 b5 36. Nd1 a5 37. Nb2 Kd6 38. Nd3 c5 39. Nf2 b4 40. a4
c4 41. Ke2 cxb3 42. Kd2 Nd7 43. Nh3 Nf6 44. Nxg5 Nxg4 45. Kc1 Kc5 46. Kb2 Kc4
47. Nxe6 Nxe3 48. Ng5 Nd1+ 0-1

[Event "4NCL/Div2/NID-WIT"]
[Site "Rd3-Birmingham"]
[Date "1999.11.20"]
[Round "3.8"]
[White "Smith, Lucy"]
[Black "Wilson, Julie"]
[Result "0-1"]
[WhiteElo "1680"]
[BlackElo "1685"]
[PlyCount "98"]
[EventDate "1999.11.20"]
[Source "Britbase"]
[SourceDate "2000.01.01"]

1. d4 Nf6 2. Bg5 e6 3. c3 b6 4. Nf3 Bb7 5. e3 Be7 6. Nbd2 O-O 7. h3 d6 8. Qc2
Nbd7 9. Bd3 h6 10. Bf4 c5 11. O-O Rc8 12. Rfe1 Nd5 13. Bh2 f5 14. a3 N7f6 15.
Rac1 a6 16. Qb1 Nc7 17. Rcd1 Qd7 18. dxc5 bxc5 19. e4 fxe4 20. Nxe4 d5 21.
Nxf6+ Bxf6 22. Ne5 Bxe5 23. Bxe5 Qf7 24. Re2 Qh5 25. Rde1 Kh8 26. Bg6 Qg5 27.
f4 Qh4 28. Kh2 d4 29. g3 Qd8 30. cxd4 cxd4 31. Rd2 Nb5 32. a4 Qa5 33. b4 Qxa4
34. Ra2 Na3 35. Ree2 Nxb1 36. Rxa4 Nc3 37. Raa2 Nxe2 38. Rxe2 Rc4 39. Rd2 Rd8
40. Bf7 Bc8 41. Bg6 Rxb4 42. Bc7 Rd7 43. Be5 Kg8 44. Be8 Rd8 45. Bg6 Bb7 46.
Bc7 Rc8 47. Bd6 Rc1 48. g4 Rh1+ 49. Kg3 Rb3+ 0-1

[Event "4NCL/Div2/PER-BCCA"]
[Site "Rd3-Birmingham"]
[Date "1999.11.20"]
[Round "3.1"]
[White "Hunt, Adam"]
[Black "Carleton, John"]
[Result "1-0"]
[WhiteElo "2288"]
[BlackElo "2267"]
[PlyCount "57"]
[EventDate "1999.11.20"]
[Source "Britbase"]
[SourceDate "2000.01.01"]

1. e4 Nf6 2. e5 Nd5 3. d4 d6 4. c4 Nb6 5. exd6 cxd6 6. Nc3 g6 7. Be2 Bg7 8. h3
O-O 9. Nf3 Na6 10. O-O Bd7 11. a4 Rc8 12. b3 Nc7 13. a5 Nba8 14. Bb2 e5 15.
dxe5 dxe5 16. Ne4 Bc6 17. Nd6 Rb8 18. Nxe5 Bxe5 19. Bxe5 Qg5 20. Bg3 Rbd8 21.
b4 Ne8 22. h4 Qe7 23. c5 Nac7 24. Re1 Nxd6 25. cxd6 Qe4 26. Bf3 Qxb4 27. Bxc6
bxc6 28. dxc7 Rxd1 29. Rexd1 1-0

[Event "4NCL/Div2/PER-BCCA"]
[Site "Rd3-Birmingham"]
[Date "1999.11.20"]
[Round "3.2"]
[White "Toothill, John"]
[Black "Broomfield, Matthew"]
[Result "1/2-1/2"]
[WhiteElo "2226"]
[BlackElo "2164"]
[PlyCount "48"]
[EventDate "1999.11.20"]
[Source "Britbase"]
[SourceDate "2000.01.01"]

1. e4 e6 2. d4 d5 3. exd5 exd5 4. Bd3 Bd6 5. Nf3 Ne7 6. O-O O-O 7. c4 dxc4 8.
Bxc4 Nd7 9. Nc3 Nb6 10. Bd3 Bf5 11. Ne4 Nbd5 12. Nh4 Bg6 13. Nxg6 Nxg6 14. g3
Nge7 15. Bd2 Bb4 16. Bxb4 Nxb4 17. Bb1 h6 18. a3 Nbd5 19. Qd3 g6 20. Bc2 Nf5
21. Rad1 Nf6 22. Qc3 Nxe4 23. Bxe4 Nd6 24. Bg2 Re8 1/2-1/2

[Event "4NCL/Div2/PER-BCCA"]
[Site "Rd3-Birmingham"]
[Date "1999.11.20"]
[Round "3.3"]
[White "Mutton, Jonathan"]
[Black "Stephenson, F Norman"]
[Result "0-1"]
[WhiteElo "2109"]
[BlackElo "2212"]
[PlyCount "94"]
[EventDate "1999.11.20"]
[Source "Britbase"]
[SourceDate "2000.01.01"]

1. e4 c5 2. Nc3 e6 3. Nf3 Nc6 4. Bb5 Nge7 5. e5 Qc7 6. Qe2 Nd4 7. Qe4 Nxf3+ 8.
gxf3 Ng6 9. f4 Be7 10. d4 cxd4 11. Qxd4 f6 12. Bd3 Nh4 13. Ke2 O-O 14. Be3 fxe5
15. fxe5 Nf3 16. Qe4 g6 17. Bf4 Bg5 18. Bg3 Qb6 19. h4 Nd4+ 20. Kd1 Qxb2 21.
Rb1 Qxc3 22. hxg5 Nf5 23. Qg4 Qc5 24. Qh3 Qe7 25. Bf4 Rf7 26. Bd2 b6 27. Be4
Rb8 28. Qg2 d5 29. Bb4 Qd8 30. Bd3 Bb7 31. Rh3 Rc8 32. Kd2 Qc7 33. Qh2 a5 34.
Bd6 Qc3+ 35. Kd1 Qd4 36. Ba3 Qg4+ 37. f3 Qxg5 38. Bc1 Qe7 39. Rxb6 d4 40. Rb3
Bd5 41. Ra3 Ne3+ 42. Bxe3 dxe3 43. Ra4 Bxf3+ 44. Ke1 Qd7 45. Rf4 Qxd3 46. Rhxf3
Qc3+ 47. Kf1 Qa1+ 0-1

[Event "4NCL/Div2/PER-BCCA"]
[Site "Rd3-Birmingham"]
[Date "1999.11.20"]
[Round "3.4"]
[White "Wise, David"]
[Black "Rendle, Thomas"]
[Result "1-0"]
[WhiteElo "2150"]
[BlackElo "2119"]
[PlyCount "81"]
[EventDate "1999.11.20"]
[Source "Britbase"]
[SourceDate "2000.01.01"]

1. c4 e6 2. Nf3 Nf6 3. g3 d5 4. b3 Be7 5. Bg2 a5 6. O-O d4 7. Bb2 Nc6 8. a3 e5
9. d3 O-O 10. Nbd2 h6 11. Ne1 Bc5 12. Ne4 Nxe4 13. dxe4 Qe7 14. Nd3 b6 15. Qd2
Bb7 16. Bh3 Rad8 17. Rfb1 Ba6 18. Qc2 Bd6 19. b4 f5 20. Bg2 axb4 21. axb4 Qf6
22. b5 fxe4 23. Bxe4 Bxb5 24. cxb5 Nb4 25. Qc4+ Kh8 26. Rf1 Nxd3 27. Qxd3 Rd7
28. Ra8 Rdf7 29. Rxf8+ Rxf8 30. Ba3 h5 31. Bxd6 Qxd6 32. h4 Qc5 33. Kg2 Rg8 34.
Qf3 g6 35. Qf6+ Kh7 36. Qg5 Rg7 37. Ra1 Qxb5 38. Qxh5+ Kg8 39. Ra8+ Kf7 40.
Qf3+ Ke7 41. Qf8+ 1-0

[Event "4NCL/Div2/PER-BCCA"]
[Site "Rd3-Birmingham"]
[Date "1999.11.20"]
[Round "3.5"]
[White "Thrower, Tomas"]
[Black "Hall, Richard"]
[Result "1/2-1/2"]
[WhiteElo "2054"]
[BlackElo "2120"]
[PlyCount "48"]
[EventDate "1999.11.20"]
[Source "Britbase"]
[SourceDate "2000.01.01"]

1. c4 f5 2. Nc3 Nf6 3. g3 d6 4. Bg2 e5 5. d3 Be7 6. e4 Nc6 7. Nge2 O-O 8. O-O
fxe4 9. dxe4 Bg4 10. f3 Be6 11. Nd5 Qd7 12. Be3 Na5 13. b3 c5 14. Nec3 Nc6 15.
Qd2 Nd4 16. Rae1 Nxd5 17. Nxd5 Bxd5 18. cxd5 Bf6 19. h4 Qb5 20. Bxd4 cxd4 21.
Bh3 a5 22. Rf2 Bd8 23. Kh2 a4 24. Rb1 Bb6 1/2-1/2

[Event "4NCL/Div2/PER-BCCA"]
[Site "Rd3-Birmingham"]
[Date "1999.11.20"]
[Round "3.6"]
[White "Savory, Richard"]
[Black "Gilbert, Jessie"]
[Result "1-0"]
[WhiteElo "2100"]
[BlackElo "2050"]
[PlyCount "59"]
[EventDate "1999.11.20"]
[Source "Britbase"]
[SourceDate "2000.01.01"]

1. e4 c6 2. Nc3 d5 3. Nf3 dxe4 4. Nxe4 Nf6 5. Ng3 Bg4 6. Bc4 e6 7. O-O Bd6 8.
d3 Nbd7 9. h3 Bxf3 10. Qxf3 Ne5 11. Qe3 Nxc4 12. dxc4 O-O 13. b3 Qe7 14. Bb2
Ba3 15. Bd4 Nd7 16. Rfe1 Rfe8 17. Rad1 Rad8 18. Qf3 e5 19. Bxa7 Ra8 20. Nf5 Qe6
21. Rxd7 Rxa7 22. Qg4 Qg6 23. Ne7+ Bxe7 24. Rxe7 Rd8 25. R1xe5 f6 26. Qe6+ Kf8
27. Rc7 Raa8 28. Ra5 Rab8 29. Qe7+ Kg8 30. Rxb7 1-0